[Event "Marienbad Open"]
[Site "Marianske Lazne CZE"]
[Date "2011.01.17"]
[Round "3"]
[White "Sedlacek,Ji"]
[Black "Kirsanova,E"]
[Result "1/2-1/2"]
[WhiteElo "2031"]
[BlackElo "2154"]

1.c4 c5 2.Nc3 Nf6 3.Nf3 d5 4.cxd5 Nxd5 5.d4 cxd4 6.Qxd4 Nxc3 7.Qxc3 Nc6 8.e4 e6
9.Bb5 Bd7 10.O-O Qb6 11.a4 Qc5 12.Qd3 Be7 13.Bf4 Rd8 14.Bc7 Nb4 15.Qc3 Qxc3
16.bxc3 Rc8 17.Bf4 Nc6 18.Rfd1 f6 19.e5 a6 20.Be2 Bc5 21.Rdb1 fxe5 22.Nxe5 Nxe5
23.Bxe5 Rf8 24.Bf3 Bc6 25.Bxc6+  1/2-1/2

[Event "3rd Chennai Open"]
[Site "Chennai IND"]
[Date "2011.01.21"]
[Round "5"]
[White "Rahman,Zia"]
[Black "Rathnakaran,K"]
[Result "1-0"]
[WhiteElo "2528"]
[BlackElo "2381"]

1.Nf3 Nf6 2.c4 c5 3.Nc3 g6 4.d4 Bg7 5.d5 O-O 6.e4 d6 7.h3 a6 8.a4 Nbd7 9.Bd3 Rb8
10.O-O Ne8 11.Bf4 Nc7 12.Re1 f6 13.Qd2 Ne5 14.Nxe5 fxe5 15.Bg5 Bd7 16.Be2 Rf7
17.Bg4 Bxg4 18.hxg4 Qd7 19.f3 a5 20.Nd1 b6 21.Rf1 Rbf8 22.Nf2 Ne8 23.Nh3 Nf6
24.Be3 h5 25.gxh5 Nxh5 26.Ng5 Rf6 27.Ne6 Rb8 28.g4 Nf4 29.Bxf4 exf4 30.Kg2 Rxe6
31.dxe6 Qxe6 32.Qxf4 Qxc4 33.Qg5 Kf7 34.Rf2 b5 35.Rc1 Qe6 36.axb5 Rxb5 37.Rcc2 Bd4
38.Rfe2 Kg7 39.Qh4 Rb8 40.Qg5 Rh8 41.Rc1 Qf6 42.Qxf6+ Kxf6 43.Ra1 Rb8 44.Rxa5 Bxb2
45.f4 e5 46.f5 gxf5 47.gxf5 Rb6 48.Ra2 Bd4 49.Kf3 Rb3+ 50.Kg4 Be3 51.Reb2 Rd3
52.Rb7 Rd4 53.Kf3 Bh6 54.Rh7  1-0

[Event "TCh-NOR Attack-serien 2010-11"]
[Site "Oslo NOR"]
[Date "2011.01.22"]
[Round "5"]
[White "Madsen,Da"]
[Black "Gabrielsen,S"]
[Result "1/2-1/2"]
[WhiteElo "2269"]
[BlackElo "2288"]

1.Nf3 c5 2.c4 Nf6 3.Nc3 b6 4.g3 Bb7 5.Bg2 g6 6.O-O Bg7 7.d4 cxd4 8.Qxd4 d6
9.Rd1 Nbd7 10.Be3 Rc8 11.Rac1 O-O 12.Qh4 a6 13.b4 Re8 14.a3 Qc7 15.Nd5 Qb8
16.Bh3 Nxd5 17.Bxd7 Nxe3 18.fxe3 Rc7 19.Bxe8 Qxe8 20.c5 bxc5 21.bxc5 dxc5
22.Rc2 h6 23.Rcd2 Rc8 24.Rd7 g5 25.Qg4 Rb8 26.Qa4 e6 27.Rb1 Bd5 28.Rxb8 Qxb8
29.Qxa6 Qb1+ 30.Kf2 Qf5 31.Rd8+ Kh7 32.Rxd5 exd5 33.Qd3 Kg6 34.g4 Qxd3 35.exd3 f5
36.h3 Bc3 37.Ng1 h5 38.Ne2 Bd2 39.gxf5+ Kxf5 40.Ng3+ Kg6 41.e4 c4 42.dxc4 dxc4
43.Nf5 Bf4 44.Kf3 Kf6 45.Nd4 Ke5 46.Nc6+ Kd6 47.Nd4 Be5 48.Nc2 Kc5 49.Ke2 Bf4
50.Kf3 c3 51.h4 Bc1 52.hxg5 Bxg5 53.a4 Kc4 54.e5 Kb3 55.a5  1/2-1/2

[Event "TCh-NOR Attack-serien 2010-11"]
[Site "Oslo NOR"]
[Date "2011.01.22"]
[Round "5"]
[White "Urkedal,F"]
[Black "Berg,E"]
[Result "1/2-1/2"]
[WhiteElo "2438"]
[BlackElo "2627"]

1.Nf3 Nf6 2.c4 c5 3.Nc3 e6 4.g3 b6 5.Bg2 Bb7 6.O-O a6 7.Re1 d6 8.e4 Qc7 9.d4 cxd4
10.Nxd4 Be7 11.Be3 Nbd7 12.f4 Rc8 13.Rc1 Qb8 14.Qe2 Qa8 15.Bf2 O-O 16.g4 g6
17.g5 Nh5 18.Qg4 Rc7 19.h4 Re8 20.Nxe6 fxe6 21.Qxe6+ Kf8 22.Bd4 Qc8 23.Rf1 Bf6
24.Qxd6+ Be7 25.Qe6 Bf6 26.Qd6+ Be7 27.Qe6 Bf6  1/2-1/2

[Event "3rd Chennai Open"]
[Site "Chennai IND"]
[Date "2011.01.25"]
[Round "10"]
[White "Suvrajit,S"]
[Black "Saravana,Kr"]
[Result "1-0"]
[WhiteElo "2378"]
[BlackElo "2280"]

1.c4 Nf6 2.Nf3 c5 3.Nc3 g6 4.e4 Bg7 5.d4 O-O 6.Be2 cxd4 7.Nxd4 Nc6 8.Be3 d6
9.O-O Bd7 10.a3 Rc8 11.f3 Na5 12.b3 a6 13.a4 e5 14.Nc2 Nxb3 15.Rb1 Nc5 16.Qxd6 Nxa4
17.Nxa4 Bxa4 18.Qxd8 Rfxd8 19.Rfc1 Bc6 20.Nb4 Rd7 21.Nd5 Re8 22.Rb6 Nh5 23.g3 f5
24.Nb4 f4 25.Bf2 fxg3 26.hxg3 Bh6 27.Rc2 Ba4 28.Ra2 Bd1 29.Nd5 Bxe2 30.Rxe2 Rf7
31.Kg2 Ref8 32.Bc5 Rd8 33.Reb2 Bf8 34.Be3 Rc8 35.c5 Kg7 36.Rxb7 a5 37.Rxf7+ Kxf7
38.Rb7+ Ke6 39.Rb5 a4 40.Ra5 Rc6 41.Nb4 Rc8 42.Ra6+ Kf7 43.Nd3 Re8 44.Rxa4 Nf6
45.Ra7+ Ke6 46.Ra6+ Kf7 47.c6 Bd6 48.Bg5 Rc8 49.Bd2 Ne8 50.Bb4 Bc7 51.Ra7 Kf6
52.Rb7 Bd6 53.Bxd6 Nxd6 54.Rb6 Nc4 55.Ra6 Ke6 56.Nb4 Kd6 57.Ra7 Kc5 58.Nd3+ Kd4
59.Rd7+ Kc3 60.c7 Nb6 61.Rd8 Rxc7 62.Nxe5 Re7 63.Ng4 Nc4 64.Nf6 Re6 65.Nxh7 Ne3+
66.Kf2 Nc2 67.Ng5 Ra6 68.e5 Nd4 69.Ke3 Nf5+ 70.Kf4 Ng7 71.Rd6 Nh5+ 72.Kg4 Rxd6
73.exd6 Nf6+ 74.Kf4 Kd4 75.Ne4 Nd7 76.Kg5 Ke3 77.Nf6 Nf8 78.Kg4 Kd4 79.d7 Ne6
80.Nh7 Ke5 81.Nf8 Nd8 82.Kg5 Kd6 83.Kxg6 Ke7 84.Kg7 Nc6 85.f4 Nd4 86.g4  1-0

[Event "Belgrade Individual 2011"]
[Site "Belgrade SRB"]
[Date "2011.01.27"]
[Round "6.10"]
[White "Rajkovic,Da"]
[Black "Nestorovic,De"]
[Result "0-1"]
[WhiteElo "2247"]
[BlackElo "2410"]

1.Nf3 c5 2.c4 Nf6 3.Nc3 e6 4.g3 b6 5.Bg2 Bb7 6.O-O d6 7.d4 cxd4 8.Qxd4 Be7
9.Rd1 a6 10.b3 Nbd7 11.Bb2 O-O 12.Ng5 Bxg2 13.Kxg2 Qc7 14.Nge4 Rfd8 15.f3 Ne8
16.h4 Rac8 17.Rac1 Qb8 18.h5 b5 19.cxb5 d5 20.bxa6 dxe4 21.Nxe4 Nc5 22.Nxc5 Rxd4
23.Bxd4 Qa8 24.b4 Bxc5 25.Rxc5 Rxc5 26.Bxc5 Qxa6 27.Rd8 Qxe2+ 28.Kg1 Qb5
29.Ra8 Qc6 30.Rb8 g5 31.Bf2 Kg7 32.b5 Qc1+ 33.Kg2 Nd6 34.b6 Qc6 35.g4 e5
36.a4 Qxa4 37.b7 Qb5 38.Ba7 Nxb7  0-1

[Event "Belgrade Individual 2011"]
[Site "Belgrade SRB"]
[Date "2011.01.28"]
[Round "7.14"]
[White "Indjic,A"]
[Black "Paulic,B"]
[Result "1-0"]
[WhiteElo "2293"]
[BlackElo "2146"]

1.Nf3 Nf6 2.c4 c5 3.Nc3 g6 4.d4 cxd4 5.Nxd4 Bg7 6.e4 d6 7.Be2 Nc6 8.Be3 O-O
9.O-O Bd7 10.Rc1 Rc8 11.Qd2 Nxd4 12.Bxd4 Qa5 13.Rfd1 Rfe8 14.f3 Nh5 15.Be3 Be6
16.Nb5 Qxd2 17.Rxd2 a6 18.Nd4 Bxd4 19.Rxd4 Rc7 20.Rdd1 Rec8 21.b3 Nf6 22.Kf2 Nd7
23.f4 f6 24.Bd2 b6 25.Be3 a5 26.g4 Nc5 27.Rd4 Bd7 28.Bf3 b5 29.cxb5 Bxb5
30.Rcd1 a4 31.bxa4 Bxa4 32.R1d2 Be8 33.h4 Bf7 34.f5 Nd7 35.g5 Rc4 36.fxg6 hxg6
37.Bg4 f5 38.exf5 Ne5 39.Bh3 gxf5 40.Bxf5 e6 41.Bh3 d5 42.h5 Rf8 43.Kg2 Bxh5
44.Bxe6+ Bf7 45.Bh3 Rc3 46.Bf4 Ng6 47.Bg3 Ra8 48.a4 Re8 49.R4d3 Rc4 50.Ra3 d4
51.a5 Ne5 52.Bxe5 Rxe5 53.a6 Rxg5+ 54.Kh2 Rc3 55.Ra1 Rh5 56.Rg2+ Kh8 57.Rg3 Rc2+
58.Kg1 Rhc5 59.Rf3 Rc1+ 60.Rf1 Rxf1+ 61.Bxf1 Bd5 62.a7 Ba8 63.Rb1  1-0

[Event "Belgrade Individual 2011"]
[Site "Belgrade SRB"]
[Date "2011.01.30"]
[Round "9.4"]
[White "Nenezic,M"]
[Black "Andrijevic,M"]
[Result "1/2-1/2"]
[WhiteElo "2182"]
[BlackElo "2342"]

1.Nf3 Nf6 2.c4 e6 3.Nc3 c5 4.g3 d5 5.cxd5 Nxd5 6.Bg2 Nc6 7.O-O Be7 8.d4 O-O
9.Nxd5 exd5 10.dxc5 Bxc5 11.a3 a6 12.b4 Ba7 13.Bb2 d4 14.Qd2 Be6 15.Rfd1 Bb3
16.Re1 Re8 17.Qd3 Ba4 18.Qf5 f6 19.g4 Qd6 20.g5 Re6 21.Nd2 g6 22.Qh3 f5 23.Nc4 Qd7
24.e4 Rae8 25.Rf1 f4 26.e5 Bb5 27.Nd6 Bxf1 28.Rxf1 Rxd6 29.exd6 Qxd6 30.Qb3+ Kg7
31.b5 axb5 32.Qxb5 Re7 33.Rc1 Ne5 34.Qb3 Nf7 35.h4 h6 36.a4 hxg5 37.Ba3 Qe6
38.Qxe6 Rxe6 39.Rc7 Re1+ 40.Kh2 f3 41.Rxb7 fxg2 42.Kxg2 Ra1 43.Bb2 Ra2 44.Rxa7 Rxb2
45.hxg5 Kf8 46.Rd7 Rb4 47.a5 Ra4 48.f4 Ke8 49.Rd5 Ke7 50.f5 gxf5 51.Rxf5 Nd6
52.Re5+ Kf7 53.Rd5 Nc4 54.Rd7+ Kg6 55.a6 Ne3+ 56.Kf3 Nf5 57.a7 Kxg5 58.Ke4  1/2-1/2

[Event "TCh-HUN 2010-11"]
[Site "Nagykanizsa HUN"]
[Date "2011.01.30"]
[Round "5"]
[White "Reiss,T"]
[Black "Hera,I"]
[Result "1/2-1/2"]
[WhiteElo "2403"]
[BlackElo "2586"]

1.c4 e6 2.Nc3 c5 3.Nf3 Nf6 4.g3 b6 5.Bg2 Bb7 6.O-O Be7 7.d4 cxd4 8.Qxd4 O-O
9.Rd1 d6 10.e4 Nbd7 11.b3 a6 12.Ba3 Nc5 13.e5 dxe5 14.Qxd8 Rfxd8 15.Nxe5 Bxg2
16.Kxg2 Rdc8 17.b4 Nce4 18.Nxe4 Nxe4 19.Nd7 Bd8 20.Rac1 Nf6 21.Ne5 Be7 22.Rd3 a5
23.b5 Bxa3 24.Rxa3 Kf8 25.f4 Ke8 26.Kf3 Nd7 27.Nc6 Nb8 28.Nd4 Ra7 29.Re3 Rd7
30.Re4 g6 31.g4 Rdc7 32.f5 Rxc4 33.Rxc4 Rxc4 34.fxe6 Ra4 35.g5 Rxa2 36.h4 Ra4
37.Ke3 Rb4 38.Kd3 a4 39.Kc3 Rb1 40.Kc2 Rb4 41.Kc3 Rb1 42.Kc2 Rb4  1/2-1/2

[Event "33rd Bulgarian Open"]
[Site "Plovdiv BUL"]
[Date "2011.02.01"]
[Round "4.8"]
[White "Vasilev,VasilA"]
[Black "Arsovic,Z"]
[Result "0-1"]
[WhiteElo "2349"]
[BlackElo "2445"]

1.Nf3 c5 2.c4 Nf6 3.Nc3 e6 4.g3 Nc6 5.Bg2 Be7 6.O-O O-O 7.d4 d5 8.cxd5 Nxd5
9.Nxd5 exd5 10.dxc5 Bxc5 11.Bf4 Re8 12.Rc1 Bb6 13.Qd3 h6 14.Rfe1 Qf6 15.Qc3 d4
16.Qa3 Bf5 17.Nd2 g5 18.Bxc6 bxc6 19.Bd6 Bg4 20.f3 d3+ 21.Bc5 Bxc5+ 22.Qxc5 Qxb2
23.Qa5 Rxe2  0-1

[Event "Moscow Open F Women"]
[Site "Moscow RUS"]
[Date "2011.02.06"]
[Round "9.21"]
[White "Butuc,M"]
[Black "Smirnova,Ek"]
[Result "1/2-1/2"]
[WhiteElo "2188"]
[BlackElo "2018"]

1.Nf3 c5 2.c4 Nf6 3.Nc3 d5 4.cxd5 Nxd5 5.d4 e6 6.e3 Nc6 7.Bd3 cxd4 8.exd4 Be7
9.O-O O-O 10.a3 Nxc3 11.bxc3 b6 12.Qe2 Bb7 13.Qe4 g6 14.Bh6 Re8 15.Qe3 Rc8
16.Rfe1 Bf6 17.Qf4 Bg7 18.Be4 Qf6 19.Qe3 Bxh6 20.Qxh6 Qg7 21.Qf4 Red8 22.Re3 Na5
23.Bxb7 Nxb7 24.Ne5 Nd6 25.Rd3 Nf5 26.Rad1 Qf8 27.g4 Ne7 28.Qd2 Nc6 29.Nxc6 Rxc6
30.Qb2 Qd6 31.Rf3 Qd5 32.Rdd3 e5 33.Rh3 e4 34.Rdg3 Qg5 35.Kg2 Qd5 36.Kg1 Qg5  1/2-1/2

[Event "16th Lienz-Open 2011"]
[Site "Lienz AUT"]
[Date "2011.02.16"]
[Round "6"]
[White "Krejci,Jan1"]
[Black "Heinig,Wo"]
[Result "1/2-1/2"]
[WhiteElo "2178"]
[BlackElo "2323"]

1.Nf3 Nf6 2.c4 c5 3.Nc3 b6 4.g3 Bb7 5.Bg2 e6 6.O-O Be7 7.Re1 O-O 8.e4 d6
9.d4 cxd4 10.Nxd4 Qc8 11.b3 a6 12.Bb2 Nbd7 13.Rc1 Rd8 14.Qe2 Bf8 15.Red1 Qc7  1/2-1/2

[Event "IV Open A"]
[Site "Gora Swietej Anny POL"]
[Date "2011.02.17"]
[Round "7.1"]
[White "Heberla,B"]
[Black "Kocwin,B"]
[Result "1-0"]
[WhiteElo "2538"]
[BlackElo "2270"]

1.c4 c5 2.Nf3 Nf6 3.Nc3 b6 4.e3 e6 5.d4 cxd4 6.exd4 d6 7.Bd3 Be7 8.O-O O-O
9.Re1 Nbd7 10.Bf4 Bb7 11.h3 a6 12.a3 d5 13.Rc1 dxc4 14.Bxc4 b5 15.Ba2 Nb6
16.Ne5 Nbd5 17.Nxd5 Nxd5 18.Bg3 Bg5 19.Rc5 Rc8 20.Nd3 Be7 21.Rxc8 Qxc8 22.Qd2 Rd8
23.Rc1 Qa8 24.f3 h6 25.Qf2 Bg5 26.Re1 a5 27.Nc5 Bc6 28.Bb1 Bf6 29.Be5 Bxe5
30.dxe5 Ne7 31.Rc1 Rd5 32.Qc2 Rxe5 33.Qh7+ Kf8 34.Qh8+ Ng8 35.Bh7 Qa7 36.b4 axb4
37.axb4 Qa3 38.Rd1 Rd5 39.Rxd5 Qa1+ 40.Kh2 Bxd5 41.Qxg8+ Ke7 42.Qb8 g6 43.Bg8 Qg7
44.Qc7+ Kf6 45.Nd7+ Ke7 46.Nb6+  1-0

[Event "16th Lienz-Open 2011"]
[Site "Lienz AUT"]
[Date "2011.02.19"]
[Round "9"]
[White "Tratar,M"]
[Black "Testor,S"]
[Result "1/2-1/2"]
[WhiteElo "2482"]
[BlackElo "2365"]

1.Nf3 Nf6 2.c4 e6 3.Nc3 c5 4.g3 b6 5.Bg2 Bb7 6.O-O Be7 7.d4 cxd4 8.Qxd4 d6
9.Rd1 a6 10.Bg5 Nbd7 11.Qd2 O-O 12.Bf4 Ne8 13.Rac1 Qc7 14.b3 Rd8 15.e4 Qb8
16.Qe2 Qa8 17.Ne1 Rc8 18.Rc2 Qb8 19.Nd3 Qa8 20.Ne1 Qb8 21.h3 Bf6 22.Qd2 Be7
23.Qe2 Bf6 24.Qd2 Be7 25.Kh2 Ba8 26.Qe2 Bf6 27.Qd2 Be7 28.Qe2 Bf6 29.Qd2  1/2-1/2

[Event "Frauenbundesliga 1st Div 2010-11"]
[Site "Germany GER"]
[Date "2011.02.20"]
[Round "9.6"]
[White "Higgelke,A"]
[Black "Berglitz,R"]
[Result "0-1"]
[WhiteElo "2010"]
[BlackElo "2041"]

1.c4 Nf6 2.Nc3 c5 3.Nf3 d5 4.cxd5 Nxd5 5.Qb3 e6 6.g3 Nc6 7.Bg2 Be7 8.O-O O-O
9.Rd1 Na5 10.Qc2 Nc6 11.a3 Nc7 12.Ne4 Nd4 13.Nxd4 cxd4 14.b4 Nd5 15.Bb2 e5
16.e3 a5 17.bxa5 Rxa5 18.exd4 exd4 19.Bxd4 Bg4 20.f3 Bd7 21.Qb2 Rb5 22.Qc2 Ra5
23.Rdb1 Bc6 24.Bc5 Bxc5+ 25.Nxc5 Qe7 26.Rc1 Rfa8 27.a4 h6 28.Rcb1 Qxc5+ 29.Qxc5 Rxc5
30.f4 Rca5 31.Re1 Rxa4 32.Rxa4 Rxa4 33.Re5 Rd4 34.Re2 b5 35.Kf2 b4 36.Bxd5 Rxd5
37.Ke3 Bb5 38.Re1 Rd3+ 39.Ke4 Rxd2 40.Ke3 Rd3+ 41.Ke4 b3 42.Rb1 Bc4 43.Rb2 Kf8
44.g4 Rc3 45.h4 Rc2 46.Rb1 b2 47.g5 Ba2  0-1

[Event "TCh-HUN 2010-11"]
[Site "Zalaegerszeg HUN"]
[Date "2011.02.20"]
[Round "6"]
[White "Horvath,Jo2"]
[Black "Torok,S"]
[Result "1-0"]
[WhiteElo "1985"]
[BlackElo "2298"]

1.Nf3 Nf6 2.c4 c5 3.Nc3 g6 4.d4 Bg7 5.e4 d6 6.Be2 O-O 7.O-O cxd4 8.Nxd4 Nc6
9.Be3 Nxd4 10.Bxd4 a6 11.Qd2 Be6 12.f4 Qa5 13.Rad1 Rfc8 14.b3 Kh8 15.Qe3 b5
16.f5 b4 17.Na4 Bxc4 18.Nb6 Bxe2 19.Qxe2 Qb5 20.Qxb5 axb5 21.e5 dxe5 22.Bxe5 Rd8
23.Nxa8 Rxa8 24.Rd4 gxf5 25.Rxf5 h6 26.Rf2 Ra6 27.Rxb4 Nd5 28.Bxg7+ Kxg7
29.Rxb5 Nc3 30.Rb7 Re6 31.a4 Ne2+ 32.Kf1 Nd4 33.a5 f5 34.b4 Kf6 35.Rb6 Rxb6
36.axb6 Ke5 37.b7  1-0

[Event "31st TCh-IND 2011"]
[Site "Kochi IND"]
[Date "2011.02.24"]
[Round "4"]
[White "Shantharam,K"]
[Black "Srinivasa,Rao"]
[Result "1/2-1/2"]
[WhiteElo "2091"]
[BlackElo "2058"]

1.Nf3 Nf6 2.c4 c5 3.Nc3 d5 4.cxd5 Nxd5 5.e4 Nc7 6.d4 cxd4 7.Qxd4 Qxd4 8.Nxd4 e5
9.Ndb5 Nba6 10.Be3 Bb4 11.Bxa7 Bd7 12.Nxc7+ Nxc7 13.Be3 O-O 14.Bd2 Be6 15.a3 Rfd8
16.Rc1 Ba5 17.Nb1 Bb6 18.Bc3 f6 19.Nd2 Rac8 20.Nc4 Bc5 21.Na5 Rb8 22.Bxe5 fxe5
23.Rxc5 b6 24.Rxc7 bxa5 25.Rc2 Bb3 26.Bc4+ Bxc4 27.Rxc4 Rxb2 28.O-O Ra2 29.Rc5 Rxa3
30.Rxe5 Ra2 31.Rf5 Re2 32.Rxa5 Rxe4 33.g3 Re2 34.Rf5 Rf8 35.Rxf8+ Kxf8 36.Rb1 Kf7
37.h4 h5 38.Rb5 g6 39.Kg2 Ra2 40.Kf3 Kf6 41.Rb4 Kf5 42.Rf4+ Ke6 43.Rf8 Ra4
44.Kg2 Ke7 45.Rb8 Kf6 46.f3 Rc4 47.Kh3 Ra4 48.Rb3 Kf5 49.g4+ hxg4+ 50.fxg4+ Ke5
51.Rc3 Rb4 52.Ra3 Rc4  1/2-1/2

[Event "e2e4.org.uk Brighton Challengers C"]
[Site "Brighton ENG"]
[Date "2011.02.26"]
[Round "6"]
[White "Stevenson,J"]
[Black "Haria,R"]
[Result "1/2-1/2"]
[WhiteElo "2097"]
[BlackElo "1972"]

1.Nf3 Nf6 2.c4 c5 3.Nc3 d5 4.cxd5 Nxd5 5.e3 Nc6 6.Bc4 e6 7.O-O Be7 8.d4 cxd4
9.exd4 O-O 10.Bxd5 exd5 11.Qb3 Bg4 12.Qxb7 Rc8 13.Ne5 Nxe5 14.dxe5 d4 15.Nd5 Bc5
16.b4 Rb8 17.Qc6 Rc8 18.Qb7 Rb8 19.Qc6 Rc8 20.Qb7  1/2-1/2

[Event "1st Donetsk Masters"]
[Site "Donetsk UKR"]
[Date "2011.02.27"]
[Round "5"]
[White "Berezin,O"]
[Black "Gavrish,L"]
[Result "1-0"]
[WhiteElo "2438"]
[BlackElo "2094"]

1.Nf3 Nf6 2.c4 c5 3.Nc3 g6 4.d4 cxd4 5.Nxd4 Nc6 6.e4 d6 7.Be2 Nxd4 8.Qxd4 Bg7
9.O-O O-O 10.Bd2 Be6 11.Qe3 a6 12.Rac1 Ng4 13.Bxg4 Bxg4 14.a4 Bd7 15.b4 e6
16.a5 Rc8 17.Qd3 Qc7 18.Ne2 b6 19.axb6 Qxb6 20.Bc3 Bxc3 21.Qxc3 e5 22.Rfd1 Be6
23.c5 Qb5 24.Ng3 dxc5 25.bxc5 f6 26.Rd6 Rc6 27.Rxc6 Qxc6 28.h4 Rd8 29.h5 Rd4
30.Qa5 Kf7 31.Rb1 Ra4 32.Qd8 Qc8 33.Qb6 gxh5 34.Qa7+ Kg6 35.Rb8 Qd7 36.Rb7 Qd1+
37.Kh2 Kg5 38.Rg7+  1-0

[Event "TCh-BEL 2010-11"]
[Site "Fontaine-l'Eveque BEL"]
[Date "2011.02.27"]
[Round "9.5"]
[White "Wantola,I"]
[Black "Bolzoni,V"]
[Result "1-0"]
[WhiteElo "2301"]
[BlackElo "2238"]

1.Nf3 c5 2.c4 Nf6 3.Nc3 e6 4.g3 d5 5.cxd5 exd5 6.d4 Nc6 7.Bg2 Be6 8.O-O c4
9.Bg5 h6 10.Bxf6 Qxf6 11.Ne5 Nxe5 12.Nxd5 Bxd5 13.dxe5 Qxe5 14.Qxd5 Bd6 15.Rfd1 Qxd5
16.Bxd5 Be5 17.Bxc4 Ke7 18.f4 Bd6 19.Kg2 Rhd8 20.Bd5 g5 21.Rd3 gxf4 22.gxf4 Kf6
23.Kf3 Rab8 24.e4 Bc5 25.Rc1 b6 26.b4 Bxb4 27.Rc7 Rf8 28.e5+ Kf5 29.Rc6  1-0

[Event "27th Open"]
[Site "Cappelle la Grande FRA"]
[Date "2011.03.02"]
[Round "6.53"]
[White "Naroditsky,D"]
[Black "Bijlsma,N"]
[Result "1-0"]
[WhiteElo "2419"]
[BlackElo "2173"]

1.Nf3 Nf6 2.c4 c5 3.Nc3 b6 4.g3 Bb7 5.Bg2 e6 6.O-O Be7 7.Re1 d6 8.e4 a6 9.d4 cxd4
10.Nxd4 Qc7 11.Qe2 O-O 12.Be3 Nbd7 13.Rac1 Rac8 14.b3 Nc5 15.f3 Rfe8 16.Red1 Qb8
17.Qf2 Bd8 18.Nde2 Bc7 19.Kh1 Rcd8 20.Nf4 Ba8 21.b4 Ncd7 22.Nd3 d5 23.exd5 exd5
24.c5 bxc5 25.bxc5 Ne5 26.Bd4 Qc8 27.Nxe5 Bxe5 28.Ne2 Nd7 29.Bh3 Qc7 30.Bxd7 Rxd7
31.Bxe5 Qxe5 32.Nd4 Rde7 33.Kg2 Bb7 34.Re1 Qxe1 35.Rxe1 Rxe1 36.Qd2 h5 37.Qg5 R1e5
38.Qf4 Bc8 39.h3 f6 40.g4 hxg4 41.hxg4 Bd7 42.c6 Bc8 43.Qc1 g5 44.Qc5 Kf7
45.Qd6 R8e7 46.Qd8 Re8 47.c7 R5e7 48.Nf5 Bxf5 49.gxf5 Re2+ 50.Kg3 Rc2 51.Qxd5+ Kg7
52.Qd7+ Kf8 53.Kg4 Rc4+ 54.Kh5 Rh4+ 55.Kg6 a5 56.Qf7+  1-0

[Event "TCh-CZE 2010-11"]
[Site "Czech Rep CZE"]
[Date "2011.03.05"]
[Round "8.7"]
[White "Firt,S"]
[Black "Kalod,R"]
[Result "0-1"]
[WhiteElo "2330"]
[BlackElo "2506"]

1.Nf3 Nf6 2.c4 c5 3.Nc3 b6 4.d4 cxd4 5.Nxd4 Bb7 6.f3 d6 7.e4 e6 8.Bd3 Nbd7
9.Qe2 Be7 10.O-O O-O 11.Kh1 Re8 12.b3 Ne5 13.Bc2 Rc8 14.Bb2 Qc7 15.Rac1 a6
16.f4 Ng6 17.f5 Nf8 18.fxe6 fxe6 19.Qd3 Qd7 20.Rcd1 Ng6 21.Qh3 Bd8 22.Nf3 Rc5
23.Qg3 e5 24.b4 Rc8 25.c5 bxc5 26.Ba4 Bc6 27.Bb3+ Kh8 28.bxc5 Nxe4 29.Nxe4 Bxe4
30.Rxd6 Qb5 31.Qe1 Ba5 32.Qa1 Nf4 33.Nh4 Nd3 34.Ba3 Rf8 35.Nf3 Nxc5 36.Bd5 Bc3  0-1

[Event "ch-NCA 2011"]
[Site "Managua NCA"]
[Date "2011.03.05"]
[Round "1.5"]
[White "Batres,F"]
[Black "Flores,Man"]
[Result "1-0"]
[WhiteElo "2194"]
[BlackElo "2012"]

1.c4 Nf6 2.Nf3 c5 3.Nc3 g6 4.d4 cxd4 5.Nxd4 Nc6 6.e4 d6 7.Be2 Bg7 8.Nc2 Be6
9.O-O O-O 10.Rb1 a6 11.f3 Rc8 12.Nd5 b5 13.cxb5 axb5 14.Be3 Rb8 15.Ndb4 Bd7
16.Nxc6 Bxc6 17.Nb4 Bd7 18.Qd2 Rb7 19.Rfc1 Qa8 20.Rc3 Rc8 21.Ra3 Qb8 22.Na6 Qa8
23.Nc5 Qxa3 24.bxa3 dxc5 25.a4 c4 26.axb5 Rxb5 27.Rxb5 Bxb5 28.Qa5 Bd7 29.e5 Ne8
30.Bd4 Be6 31.f4 Nd6 32.Bf3 h6 33.Bc3 Nf5 34.Bb7 Rb8 35.Qc7 Re8 36.a4 Ne3
37.a5 Nd1 38.Bd4 f6 39.a6 fxe5 40.fxe5  1-0

[Event "43rd WGM"]
[Site "Belgrade SRB"]
[Date "2011.03.08"]
[Round "3.3"]
[White "Vojinovic,J"]
[Black "Miladinovic,L"]
[Result "1/2-1/2"]
[WhiteElo "2278"]
[BlackElo "2086"]

1.Nf3 c5 2.c4 Nf6 3.Nc3 e6 4.g3 b6 5.Bg2 Bb7 6.O-O Be7 7.Re1 d6 8.e4 a6 9.d4 cxd4
10.Nxd4 Qc7 11.Be3 Nbd7 12.Rc1 O-O 13.f4 Rac8 14.g4 Nb8 15.g5 Nfd7 16.f5 e5
17.Nd5 Bxd5 18.cxd5 Qb7 19.Ne2 Rxc1 20.Bxc1 Rc8 21.Ng3 Bf8 22.Rf1 a5 23.f6 g6
24.Be3 Na6 25.Qd2 Nac5 26.b3 Ra8 27.Rb1 b5 28.b4 axb4 29.Rxb4 Ra4 30.Bf1 Qa8
31.Rxa4 Qxa4 32.Qb2 b4 33.Bd2 b3 34.axb3 Nxb3 35.Be3 Nbc5 36.Bb5 Qd1+ 37.Kg2 h6
38.Qe2 Qxe2+ 39.Bxe2 hxg5 40.Bxg5 Kh7 41.Kh3 Bh6 42.Kg4 Nb3 43.h4 Bxg5 44.Kxg5 Nd2
45.Bd1 Nc5 46.Bc2 Nf3+ 47.Kg4 Nd4 48.Bd1  1/2-1/2

[Event "TCh-FIN 2010-11"]
[Site "Helsinki FIN"]
[Date "2011.03.12"]
[Round "8.1"]
[White "Kulaots,K"]
[Black "Tolonen,M"]
[Result "1-0"]
[WhiteElo "2592"]
[BlackElo "2248"]

1.c4 Nf6 2.Nc3 c5 3.Nf3 b6 4.d4 cxd4 5.Nxd4 Bb7 6.f3 e6 7.e4 d6 8.Be3 Be7
9.Be2 O-O 10.Qd2 a6 11.g4 Re8 12.O-O-O Qc7 13.g5 Nfd7 14.h4 Nc6 15.g6 hxg6
16.h5 gxh5 17.Rxh5 Bf6 18.Rdh1 g6 19.R5h3 Nxd4 20.Bxd4 e5 21.Be3 Kf8 22.Rh7 Ke7
23.Nd5+ Bxd5 24.Qxd5 Rf8 25.Rxf7+ Rxf7 26.Qxa8 a5 27.Kb1 Nf8 28.c5 dxc5 29.Bb5 Nd7
30.Qg8 Nf8 31.Bh6 Qd8 32.Bc4 Ne6 33.Qxd8+ Nxd8 34.Bxf7 Kxf7 35.Be3 Nc6 36.a4 Ke6
37.Rh6 Kf7 38.Rh7+ Ke6 39.Kc2 Be7 40.Kd3 Nd4 41.Rh3 c4+ 42.Kxc4 Bc5 43.f4  1-0

[Event "TCh-Paulista"]
[Site "Sao Paolo BRA"]
[Date "2011.03.13"]
[Round "7.5"]
[White "Dias,Andr"]
[Black "Mandetta,J"]
[Result "1-0"]
[WhiteElo "2054"]
[BlackElo "2121"]

1.Nf3 Nf6 2.c4 c5 3.Nc3 b6 4.e3 Bb7 5.Be2 e6 6.O-O Be7 7.b3 O-O 8.Bb2 d6
9.Qc2 Nbd7 10.d4 cxd4 11.Nxd4 Rc8 12.Rad1 a6 13.Qb1 Rc7 14.Bf3 Qa8 15.Bxb7 Qxb7
16.Rd2 Rfc8 17.Rc1 Ne5 18.h3 Ned7 19.Nde2 b5 20.cxb5 axb5 21.Nd4 b4 22.Nce2 Nc5
23.Ng3 d5 24.Rdc2 Bd6 25.Nde2 Nfe4 26.Nxe4 Nxe4 27.Rxc7 Rxc7 28.Rxc7 Qxc7
29.Qc1 Qxc1+ 30.Nxc1 f6 31.Kf1 Kf7 32.Nd3 e5 33.Ke2 Ke6 34.f3 Ng3+ 35.Kf2 Nf5
36.e4 Ne7 37.Bc1 f5 38.exf5+ Kxf5 39.Bd2 Nc6 40.Be3 Ke6 41.Nc5+ Bxc5 42.Bxc5 d4
43.Ke2 Kd5 44.Bf8 g6 45.Kd3 h5 46.h4 Ke6 47.Kc4 Kf5 48.Kb5 d3 49.Bh6 Ne7
50.Kxb4 e4 51.Kc4 Nc6 52.fxe4+ Kxe4 53.b4 Nd4 54.b5 Nf5 55.Bd2 Ne3+ 56.Kc5 Nf1
57.Bc3  1-0

[Event "ch-Southern FR Men"]
[Site "Armavir RUS"]
[Date "2011.03.18"]
[Round "7"]
[White "Pushkov,N"]
[Black "Lupik,M"]
[Result "1-0"]
[WhiteElo "2424"]
[BlackElo "2206"]

1.c4 Nf6 2.Nf3 c5 3.Nc3 g6 4.g3 Bg7 5.Bg2 O-O 6.d4 cxd4 7.Nxd4 Nc6 8.O-O Nxd4
9.Qxd4 d6 10.Qh4 Rb8 11.Bh6 Bd7 12.Bxg7 Kxg7 13.Qd4 Qb6 14.Qxb6 axb6 15.Rfd1 Rfc8
16.b3 Bc6 17.Rd3 Ra8 18.a4 Nd7 19.Bh3 f5 20.Re3 Kf7 21.b4 Nf6 22.Rd3 Bd7
23.Rd4 Be6 24.Bg2 Rab8 25.Nd5 Nxd5 26.cxd5 Bd7 27.e4 Ra8 28.exf5 Bxf5 29.Bf1 Bd7
30.b5 g5 31.h4 h6 32.Re1 Bf5 33.Be2 Rc3 34.Bg4 Bxg4 35.Rxg4 Rd3 36.hxg5 hxg5
37.Rxg5 Rxa4 38.Rf5+ Kg6 39.Rf8 Rxd5 40.Rxe7 Rb4 41.Re6+ Kg5 42.Kg2 Rb2 43.Kh3  1-0

[Event "1st Evgen Zaveriukha Mem"]
[Site "Lviv UKR"]
[Date "2011.04.03"]
[Round "7.3"]
[White "Timushev,A"]
[Black "Khrinovskyi,Oleksiy"]
[Result "1/2-1/2"]
[WhiteElo "2110"]
[BlackElo "2106"]

1.Nf3 c5 2.c4 Nf6 3.Nc3 b6 4.g3 Bb7 5.Bg2 e6 6.O-O Be7 7.d3 d6 8.Rb1 O-O
9.Bd2 a6 10.a3 Nbd7 11.b4 Qc7 12.Bf4 e5 13.Bg5 cxb4 14.axb4 b5 15.Qb3 Rac8
16.Nd2 Bxg2 17.Kxg2 d5 18.c5 Qc6 19.Kg1 a5 20.Bxf6 Nxf6 21.bxa5 Bxc5 22.Nxb5 Qd7
23.Kg2 Qg4 24.Qd1 Nh5 25.e3 Qg6 26.Nb3 f5 27.Nxc5 Rxc5 28.d4 exd4 29.Nxd4 Rxa5
30.Rb5 Rxb5 31.Nxb5 f4 32.Qxd5+ Kh8 33.Nd4 h6 34.Qc5 Rf7 35.Qe5 fxe3 36.fxe3 Rxf1
37.Kxf1 Nf6 38.Qf5 Qe8 39.Ne6 Qd7 40.Ke2 Qb7 41.Nf4 Qa6+ 42.Kf2 Qa2+ 43.Kg1 Qa1+
44.Kg2 Qa2+ 45.Kh3 Qb3 46.e4 Qc2 47.Ng6+ Kg8 48.Qe6+ Kh7 49.Nf8+ Kh8 50.Ng6+ Kh7
51.Nf8+ Kh8 52.e5 Ne4 53.Ng6+ Kh7 54.Nf8+  1/2-1/2

[Event "April Meets"]
[Site "Lviv UKR"]
[Date "2011.04.04"]
[Round "1"]
[White "Prokhorov,A1"]
[Black "Salevich,V"]
[Result "1-0"]
[WhiteElo "2071"]
[BlackElo "2124"]

1.Nf3 c5 2.c4 Nf6 3.Nc3 d5 4.cxd5 Nxd5 5.g3 Nc6 6.Bg2 Nc7 7.O-O e5 8.d3 Be7
9.Be3 Be6 10.Qa4 Qd7 11.Ng5 Nd8 12.Nxe6 Ncxe6 13.Qxd7+ Kxd7 14.f4 exf4 15.gxf4 f5
16.Rac1 Rc8 17.Nd5 Bd6 18.Bd2 Nc6 19.e3 b6 20.Bc3 Rhg8 21.Bh3 Rcf8 22.Kh1 Ne7
23.Bg2 Nc6 24.a3 Rf7 25.Bf3 Rgf8 26.Rg1 Rc8 27.Bh5 g6 28.Bd1 Nc7 29.Bb3 Nxd5
30.Bxd5 Re7 31.Rce1 Rce8 32.Bd2 b5 33.Kg2 b4 34.Kf3 bxa3 35.bxa3 c4 36.d4 Bxa3
37.Bxc4 a5 38.d5 Na7 39.Bxa5 Rxe3+ 40.Rxe3 Rxe3+ 41.Kxe3 Bc5+ 42.Kd3 Bxg1
43.h3 Kd6 44.Bb4+ Bc5 45.Bc3 Nc8 46.Be5+ Kd7 47.Bb5+ Ke7 48.Kc4 Bd6 49.Bc6 h6
50.Kb5 g5 51.Bb7 gxf4 52.Bd4 Kd7 53.Bxc8+ Kxc8 54.Kc6 Be7 55.d6 Bh4 56.d7+ Kb8
57.Be5+ Ka7 58.Bxf4 h5 59.Bc7  1-0

[Event "Karposh Open"]
[Site "Skopje MKD"]
[Date "2011.04.08"]
[Round "8"]
[White "Damljanovic,B"]
[Black "Antic,De"]
[Result "1/2-1/2"]
[WhiteElo "2555"]
[BlackElo "2488"]

1.Nf3 Nf6 2.c4 c5 3.Nc3 d5 4.cxd5 Nxd5 5.d4 Nxc3 6.bxc3 g6 7.e3 Bg7 8.Bd3 O-O
9.O-O Qc7 10.Qe2 b6 11.Rb1 Nc6 12.Ba3 Rd8 13.Rfc1 Bb7 14.h3 Qd7 15.Rd1 Qc7
16.Rbc1 Na5 17.e4 e6 18.Qe3 Rac8 19.dxc5 bxc5 20.h4 Qc6 21.Rd2 h6 22.Be2 Qxe4
23.Rxd8+ Rxd8 24.Qxe4 Bxe4 25.Bxc5 Nc6  1/2-1/2